Una subhasta d'art sense precedents... : Retaules catalans dels segles XIV i XV [...] Retaules catalans dels segles XIV i XV [...]
Descripción Física:
1 full ; 21'5 x 13 cm
Idioma:
Catalán
MARC
| LEADER | 00000nam a2200000 a 4500 | ||
|---|---|---|---|
| 001 | 24928 | ||
| 003 | AGDB | ||
| 005 | 20260324181544.0 | ||
| 008 | 260115b spa||||| |||| 00| 0 cat d | ||
| 040 | |a agdb |b cat | ||
| 041 | |a cat | ||
| 110 | |a Sala Parés |9 72861 |e institució d'acollida | ||
| 245 | |a Una subhasta d'art sense precedents... : |b Retaules catalans dels segles XIV i XV [...] | ||
| 260 | |a Barcelona : |b Sala Parés, |c [s.a.] | ||
| 300 | |a 1 full ; |c 21'5 x 13 cm | ||
| 500 | |a Prové del fons Joan Junyer i Pascual (1909-1994) | ||
| 500 | |a Full informatiu de la subhasta celebrada a la Sala Parés, Barcelona, del 20 al 23 de novembre (any desconegut) | ||
| 650 | |a Fons Joan Junyer i Pascual (1909-1994) |9 72777 | ||
| 650 | 0 | |a Subhastes d'art |2 Arxiu |9 41643 | |
| 942 | |2 udc |c ARXIU |n 1 | ||
| 952 | |0 0 |1 0 |2 udc |4 0 |6 F504361 |7 1 |9 98956 |a Arxiu |b Arxiu |d 2026-01-15 |l 0 |o F-504-361 |p 24928 |r 2026-01-15 13:01:12 |w 2026-01-15 |y ARXIU | ||
| 999 | |c 130624 |d 130624 | ||